=LDR 00000nam 2200000 4500 =001 INLIS000000000002356 =005 20240627104831 =035 ##$$a 0010-0624000020 =007 ta =008 240627###########################0#ind## =020 ##$$a 978-602-8001-48-9 =082 ##$$a 179.1 =084 ##$$a 179.1 ATT e =100 1#$$a Attfield Robin =245 1#$$a Etika Lingkungan Global /$c Robin Attfield ; penerjemah, Saut Pasaribu ; editor, Widodo =250 ##$$a Cetakan pertama =260 ##$$a Bantul :$b Kreasi Wacana,$c 2010 =300 ##$$a xviii; 330 hlm. ; $c 24 cm. =650 #4$$a Lingkungan =650 #4$$a Environment =700 #$$a Saut Pasaribu =700 #$$a Widodo